Análisis integral de las lavanderías centralizadas de la C.C.S.S. con propuestas para su mejoramiento
Gespeichert in:
| 1. Verfasser: | |
|---|---|
| Weitere Verfasser: | , |
| Format: | Buch |
| Veröffentlicht: |
[San José , Costa Rica]
1986
|
| Schlagworte: | |
| Tags: |
Tag hinzufügen
Keine Tags, Fügen Sie den ersten Tag hinzu!
|
MARC
| LEADER | 00000nam a2200000Ia 4500 | ||
|---|---|---|---|
| 003 | 007173 | ||
| 005 | 20240701154700.0 | ||
| 008 | 140114s1986 cr a m 000 ||s d | ||
| 040 | |c cru CEDI | ||
| 090 | |a TFG 1788 | ||
| 100 | |a Alfaro Saenz, Greivin |9 14289 | ||
| 245 | |a Análisis integral de las lavanderías centralizadas de la C.C.S.S. con propuestas para su mejoramiento | ||
| 260 | |a [San José , Costa Rica] |c 1986 | ||
| 300 | |a 2 volúmenes | ||
| 500 | |a Proyecto de graduación (bachiller en ingeniería industrial)--Universidad de Costa Rica. Facultad de Ingeniería. Escuela de Ingeniería Industrial | ||
| 501 | |a Director de Proyecto de Graduación: Ing. Jorge Maroto C | ||
| 610 | 0 | |a CAJA COSTARRICENSE DE SEGURO SOCIAL (SAN JOSE).. LAVANDERIAS CENTRALIZADAS - ADMINISTRACION |9 3418 | |
| 700 | |9 14288 |a Bonilla Lorenzo, Jorge | ||
| 700 | |9 11729 |a Laurent Kauffmann, Erick | ||
| 942 | |c TFG |h TFG 1788 |i 007173 |6 TFG_1788_007173000000000 | ||
| 999 | |c 20979 |d 20979 | ||
